[Event "London Chess League op"]
[Site "London"]
[Date "2025.03.14"]
[Round "1"]
[White "Ananda, Sanjesh"]
[Black "Przedlacki, Wiktor"]
[Result "0-1"]
[WhiteElo "1479"]
[BlackElo "1961"]
[PlyCount "74"]
[EventDate "2025.03.14"]
[EventType "swiss"]
[EventRounds "5"]
[EventCountry "ENG"]
[SourceTitle "CB13_2025"]
[SourceDate "2025.03.26"]
[SourceVersion "1"]
[SourceVersionDate "2025.03.26"]
[SourceQuality "1"]

1. d4 Nf6 2. c4 c5 3. d5 b5 4. Nf3 g6 5. a3 d6 6. Nc3 bxc4 7. e4 Bg7 8. Bxc4 0-0 9. 0-0 Nbd7 10. Bg5 Nb6 11. Ba2 Bg4 12. h3 Bxf3 13. Qxf3 Nfd7 14. Rac1 Rb8 15. Qe2 h6 16. Bh4 Nc8 17. Rfe1 Qa5 18. Qd2 Re8 19. f4 Ncb6 20. Rc2 c4 21. Qe2 Qa6 22. Bf2 Rec8 23. Rec1 Nc5 24. Bxc5 Rxc5 25. e5 dxe5 26. fxe5 Nxd5 27. Nxd5 Rxd5 28. Bxc4 Qb6+ 29. Kh1 Rxe5 30. Qf3 e6 31. Bd3 Rf8 32. b4 Re3 33. Qf1 Qb7 34. Rc7 Rxh3+ 35. Kg1 Bd4+ 36. Qf2 Bxf2+ 37. Kxf2 Qb6+ 0-1

[Event "World-chT Rapid"]
[Site "Duesseldorf"]
[Date "2023.08.28"]
[Round "9"]
[White "Babu Odiah, Isaac"]
[Black "Przedlacki, Wiktor"]
[Result "0-1"]
[WhiteElo "1893"]
[BlackElo "1702"]
[PlyCount "50"]
[EventDate "2023.08.26"]
[EventType "team-swiss (rapid)"]
[EventRounds "12"]
[EventCountry "GER"]
[SourceTitle "CBM 215 Extra"]
[Source "ChessBase"]
[SourceDate "2023.09.30"]
[SourceVersion "1"]
[SourceVersionDate "2023.09.30"]
[SourceQuality "1"]
[WhiteTeam "Africa"]
[BlackTeam "Krakow Columbus Energy"]
[BlackTeamCountry "POL"]

1. d4 Nf6 2. c4 c5 3. d5 b5 4. b3 g6 5. Nc3 b4 6. Na4 d6 7. Bb2 Bg7 8. Qc2 Bf5 9. Qc1 0-0 10. Nf3 Qa5 11. e3 Bd7 12. Bxf6 Bxf6 13. Nb2 Qa3 14. Rb1 Qxa2 15. Nd3 Bc3+ 16. Kd1 a5 17. Qc2 Qxc2+ 18. Kxc2 a4 19. Nb2 a3 20. Bd3 axb2 21. Rxb2 Bxb2 22. Kxb2 e6 23. e4 exd5 24. exd5 Re8 25. Nd2 Bf5 0-1

[Event "World-chT Rapid"]
[Site "Duesseldorf"]
[Date "2023.08.28"]
[Round "12"]
[White "Przedlacki, Wiktor"]
[Black "Lobkin, Bohdan"]
[Result "1/2-1/2"]
[WhiteElo "1702"]
[BlackElo "1795"]
[PlyCount "120"]
[EventDate "2023.08.26"]
[EventType "team-swiss (rapid)"]
[EventRounds "12"]
[EventCountry "GER"]
[SourceTitle "CBM 215 Extra"]
[Source "ChessBase"]
[SourceDate "2023.09.30"]
[SourceVersion "1"]
[SourceVersionDate "2023.09.30"]
[SourceQuality "1"]
[WhiteTeam "Krakow Columbus Energy"]
[BlackTeam "Germany and Friends"]
[WhiteTeamCountry "POL"]
[BlackTeamCountry "GER"]

1. e4 d5 2. exd5 Qxd5 3. Nf3 Bg4 4. Be2 Bxf3 5. Bxf3 Qe5+ 6. Qe2 Qxe2+ 7. Bxe2 Nf6 8. d3 e6 9. 0-0 Nbd7 10. Nd2 Be7 11. Bf3 c6 12. Nb3 a5 13. a4 Ne5 14. Be2 0-0 15. Bd2 b6 16. g3 Rac8 17. Be3 Nd5 18. Nd2 Rfd8 19. Rfd1 Bf6 20. Ne4 c5 21. Nxf6+ gxf6 22. c3 Nxe3 23. fxe3 Kf8 24. Kf2 Ke7 25. b3 h5 26. h3 Rh8 27. d4 Nd7 28. Rab1 f5 29. b4 axb4 30. cxb4 cxd4 31. Rxd4 Ra8 32. Ra1 Ne5 33. a5 bxa5 34. bxa5 Rhb8 35. Rd2 Rb4 36. Bxh5 Nc4 37. Rda2 Ra7 38. Be2 Nd6 39. Bf3 Ra6 40. Ra4 Rb2+ 41. Kf1 e5 42. R4a2 Rb3 43. Kf2 Ke6 44. Rc2 Ra7 45. Raa2 Rb5 46. a6 Rb6 47. Be2 Ne4+ 48. Kg2 Kd6 49. h4 Rb3 50. Kf3 Nf6 51. Rcb2 Rc3 52. Rb6+ Ke7 53. Rab2 Rcc7 54. Rb7 Kd8 55. Rxa7 Rxa7 56. Rb8+ Kc7 57. Rf8 Kd6 58. Rd8+ Ke7 59. Rb8 Kd6 60. Rd8+ Ke7 1/2-1/2

[Event "World-chT Rapid"]
[Site "Duesseldorf"]
[Date "2023.08.26"]
[Round "2.7"]
[White "Przedlacki, Wiktor"]
[Black "Hornsby, Peter"]
[Result "1/2-1/2"]
[WhiteElo "1702"]
[BlackElo "1487"]
[PlyCount "100"]
[EventDate "2023.08.26"]
[EventType "team-swiss (rapid)"]
[EventRounds "12"]
[EventCountry "GER"]
[SourceTitle "CBM 215 Extra"]
[Source "ChessBase"]
[SourceDate "2023.09.30"]
[SourceVersion "1"]
[SourceVersionDate "2023.09.30"]
[SourceQuality "1"]
[WhiteTeam "Krakow Columbus Energy"]
[BlackTeam "The Sharks"]
[WhiteTeamCountry "POL"]
[BlackTeamCountry "ENG"]

1. e4 d5 2. exd5 Qxd5 3. Nf3 Bg4 4. Be2 Nc6 5. d4 e6 6. 0-0 Nf6 7. c4 Qd7 8. Be3 Be7 9. Nbd2 0-0 10. a3 a5 11. h3 Bf5 12. Qb3 Rfd8 13. Rfd1 a4 14. Qc3 Ne4 15. Nxe4 Bxe4 16. b4 Bf6 17. Rac1 h6 18. Ne5 Bxe5 19. dxe5 Qe8 20. b5 Na5 21. Rxd8 Qxd8 22. Bd1 Nb3 23. Bxb3 axb3 24. Qxb3 b6 25. Rd1 Qe7 26. a4 g5 27. c5 Bd5 28. Qc2 bxc5 29. Bxc5 Qe8 30. Be3 Qe7 31. Rc1 Qb4 32. Qxc7 Qxa4 33. Qc5 Qe4 34. f3 Qxe5 35. b6 Qb8 36. Qc7 Qxc7 37. bxc7 Rc8 38. Bd4 Kf8 39. Bc5+ Ke8 40. Bd6 Kd7 41. Be5 f6 42. Bxf6 Rxc7 43. Rxc7+ Kxc7 44. Bg7 h5 45. Bf6 g4 46. fxg4 hxg4 47. h4 Kd7 48. Kf2 Be4 49. Kg3 Bf5 50. Kf4 Ke8 1/2-1/2

[Event "World-chT Rapid"]
[Site "Duesseldorf"]
[Date "2023.08.26"]
[Round "3.3"]
[White "Przedlacki, Wiktor"]
[Black "Llari, Marc"]
[Result "1-0"]
[WhiteElo "1702"]
[BlackElo "2092"]
[PlyCount "65"]
[EventDate "2023.08.26"]
[EventType "team-swiss (rapid)"]
[EventRounds "12"]
[EventCountry "GER"]
[SourceTitle "CBM 215 Extra"]
[Source "ChessBase"]
[SourceDate "2023.09.30"]
[SourceVersion "1"]
[SourceVersionDate "2023.09.30"]
[SourceQuality "1"]
[WhiteTeam "Krakow Columbus Energy"]
[BlackTeam "Linz AlphaEchecs"]
[WhiteTeamCountry "POL"]
[BlackTeamCountry "AUT"]

1. e4 c5 2. Nf3 e6 3. d4 cxd4 4. Nxd4 Nf6 5. Nc3 Nc6 6. Ndb5 Bc5 7. Nd6+ Ke7 8. Nxc8+ Rxc8 9. Bd3 Qc7 10. 0-0 h5 11. Bg5 Kf8 12. Bxf6 gxf6 13. Kh1 a6 14. f4 Ke7 15. Qe1 Bd4 16. Nd5+ exd5 17. exd5+ Ne5 18. fxe5 Bxe5 19. Qh4 Rcg8 20. Rae1 Kd8 21. Bf5 Rg5 22. Qe4 Rhg8 23. Bh3 Qc5 24. c3 Kc8 25. Qa4 Qxd5 26. Rf2 Kb8 27. Qxd7 Qc5 28. Rfe2 Qc4 29. a3 Qc5 30. Qxf7 R5g7 31. Qe6 Qc7 32. Qf5 h4 33. Re4 1-0